| 000 | 00559nam a2200193Ia 4500 | ||
|---|---|---|---|
| 003 | GCL | ||
| 008 | 140319s9999 xx 000 0 ara d | ||
| 040 |
_aGCL / _cGCL |
||
| 082 | 0 | 4 |
_a759.46 _bم ر |
| 100 | 1 | _aجورج مدبك | |
| 245 | 1 | 0 |
_aالرسام الاسبانى: سلفادور دالى / _cجورج مدبك |
| 700 | 1 | _aاحمد قبيعه | |
| 300 | _a52 ص | ||
| 490 |
_aعالم الرسامين _v0 |
||
| 650 | 0 | 4 | _aالفنانون |
| 650 | 0 | 4 | _aالفنون التشكيلية |
| 650 | 0 | 4 | _aدالى , سلفادور |
| 942 |
_2ddc _cBK |
||
| 999 |
_c51773 _d51773 |
||